|
|
|
|
| LEADER |
00000csc a2200000 a 4500 |
| 001 |
61154-2 |
| 005 |
20230308211401.0 |
| 008 |
982032|1978 ||||||||r|||||||||||spa|| |
| 020 |
|
|
|a 8428103747
|
| 040 |
|
|
|b spa
|
| 041 |
1 |
|
|a spa
|
| 082 |
0 |
|
|a 150.30
|
| 100 |
1 |
|
|a Fraisse, Paul
|9 185463
|
| 245 |
|
|
|a La psicología experimental
|c Paul Fraiser, trad. Antonia Giralt Pont
|h imp
|
| 264 |
|
|
|a Barcelona
|b Oikos-Tau
|c 1978
|
| 300 |
|
|
|a 138 páginas:
|b ilu
|c 18.7 cm
|
| 490 |
|
|
|a Tratado de Psicologia-Psiquiatria
|n no. 2
|
| 650 |
|
|
|a Psicologia experimenta
|9 290871
|
| 650 |
|
|
|a Sensaciones
|9 9509
|
| 650 |
|
|
|a Percepciones
|9 44712
|
| 650 |
|
|
|a Estimulo
|9 21774
|
| 650 |
|
|
|a Educacion
|9 41
|
| 650 |
|
|
|a Personalidad
|
| 650 |
|
|
|a Aprendizaje
|
| 650 |
|
|
|a Adquisicion
|9 55122
|
| 650 |
|
|
|a Memoria
|9 9522
|
| 650 |
|
|
|a Lenguaje
|
| 650 |
|
|
|a Comunicacion
|9 328
|
| 650 |
|
|
|a Mensajes
|9 63133
|
| 650 |
|
|
|a Motivacion
|
| 852 |
|
|
|a UC-CDJBV
|c ESTANTERIA CERRADA
|f Compra
|k npena
|l 1
|m General
|p 19820325
|q 1.00
|r 2
|t 61154-2
|b 0
|d CDRC
|e CDRC
|g 150.30 ESTANTERIA CERRADA
|z 1982-20-32
|
| 942 |
|
|
|
| 999 |
|
|
|c 118489
|d 118489
|